Prefactibilidad técnica y económica de una planta para producción de etanol para combustible, a partir de yuca

Uloženo v:
Podrobná bibliografie
Hlavní autor: Jiménez Monge, Jairo
Médium: Diplomová práce Kniha
Vydáno: San José, Costa Rica 2007
Témata:
Tagy: Přidat tag
Žádné tagy, Buďte první, kdo vytvoří štítek k tomuto záznamu!

MARC

LEADER 00000nam a2200000Ia 4500
003 010329
005 20221231144102.0
008 140114s2007 cr a 000 ||s d
040 |c cru CEDI  
090 |a TFG 5598 
100 |a Jiménez Monge, Jairo   |9 4473 
245 |a Prefactibilidad técnica y económica de una planta para producción de etanol para combustible, a partir de yuca 
260 |c 2007  |b San José, Costa Rica 
300 |a ix, 168 hojas; ilustraciones 
502 |a Proyecto de graduación (licenciatura en ingeniería química)--Universidad de Costa Rica. Facultad de Ingeniería. Escuela de Ingeniería Química 
650 |x ALCOHOL COMO COMBUSTIBLE  |x PRODUCCION   |x COSTOS   |x  YUCA   |x  INVESTIGACIONES   |9 4474 
942 |c TFG 
999 |c 16663  |d 16663